000 01254cam a2200373 a 4500
001 3035849
003 OSt
005 20140310181632.0
008 951106s1996 nyu 001 0 eng
010 _a 95049857
020 _a0688102174 (acidfree paper)
040 _aDLC
_cDLC
_dDLC
050 0 0 _aHQ 767.9
_b.K97 1996
082 0 0 _aTR 305.231
_bK96 1996
100 1 _aKutner, Lawrence.
245 1 0 _aYour school-age child /
_cLawrence Kutner.
250 _a1st ed.
260 _aNew York :
_bWilliam Morrow and Company Inc,
_c1996.
300 _axiv, 209 p. ;
_c22 cm.
490 1 _aThe parent & child series
500 _aIncludes index.
520 _a1. Child development. 2. Child rearing. 3. School children. 4. Home and school.
521 _aFaculty
541 _j1
562 _eFor circulation. One copy is available in the collection
650 0 _aChild development.
650 0 _aChild rearing.
650 0 _aSchool children.
650 0 _aHome and school.
800 1 _aKutner, Lawrence.
_tParent and child series.
906 _a7
_bcbc
_corignew
_d1
_eocip
_f19
_gy-gencatlg
942 _2lcc
_cBK-TR
_kTR
999 _c547
_d547